| 000 | 00802nam a2200241 a 4500 | ||
|---|---|---|---|
| 005 | 20260109063954.0 | ||
| 008 | 991125s1977 bar 000 0 spa u | ||
| 020 | _a8472223493 | ||
| 035 | _aUPN01000012289 | ||
| 049 | _aCG | ||
| 050 | 4 |
_aHD51 _bC7.38 |
|
| 245 | 0 | 0 |
_aCrítica de la división del trabajo / _ctextos de Karl Marx ... [et al.] ; selec. y presentados por André Gorz ; tr. Pere Darnell. |
| 260 |
_aBarcelona, Esp. : _bLaia, _c1977. |
||
| 300 | _a313 p. | ||
| 440 | 0 |
_aEdiciones de bolsillo ; _v529 |
|
| 534 |
_aTraducción de: _tCritique de la division du travail |
||
| 650 | 2 |
_aDivisión del trabajo _914959 |
|
| 650 | 4 |
_aCapitalismo _96436 |
|
| 650 | 4 |
_aEconomía _911541 |
|
| 700 | 1 |
_aMarx, Karl, _d1818-1883 _ecoaut. |
|
| 700 | 1 |
_aGorz, André, _d1924- , _ecomp. |
|
| 905 | _aLibro | ||
| 999 |
_c12289 _d12289 |
||